| 000 | 00852nam a2200253Ia 4500 | ||
|---|---|---|---|
| 003 | OSt | ||
| 005 | 20220926032245.0 | ||
| 006 | a|||||r|||| 00| 0 | ||
| 007 | ta | ||
| 008 | 220923b |||||||| |||| 00| 0 eng d | ||
| 020 |
_a9781409453482 _c6461.0600000000004 |
||
| 037 |
_bCBS/175, 07/11/2013, CLASSIC BOOKS SERVICES _cGeneral Book |
||
| 040 |
_aRTL _cRTL _beng |
||
| 041 |
_2eng _aeng |
||
| 082 | _aY394.4, Q2 | ||
| 100 | _aGANGULY- SCRASE Ruchira | ||
| 245 | 0 |
_aRethinking displacement _b Asia pacific perspectives |
|
| 260 |
_aSurrey _bAshgate Publishing _c2012 |
||
| 300 |
_axv, 288p _ccm. |
||
| 650 | _aGeography | ||
| 700 |
_a LAHIRI-DUTT Kuntala _9308980 |
||
| 942 |
_hY394.4, Q2 _cGB _2CC |
||
| 999 |
_c654245 _d654245 |
||